LIBRARY & INFORMATION CENTRE, KCAET, TAVANUR

ONLINE PUBLIC ACCESS CATALOGUE (OPAC)

Moulana Muhammed Ali (Record no. 4359)

MARC details
000 -LEADER
fixed length control field 00395cam a2200169ua 4500
041 ## - LANGUAGE CODE
Language code of text/sound track or separate title mal
082 ## - DEWEY DECIMAL CLASSIFICATION NUMBER
Classification number 923.2
Item number SEE/Mo
100 ## - MAIN ENTRY--AUTHOR NAME
Personal name Seethi Sahib, K.M .
245 ## - TITLE STATEMENT
Title Moulana Muhammed Ali
260 ## - PUBLICATION, DISTRIBUTION, ETC. (IMPRINT)
Place of publication Kottayam :
Name of publisher Sahitya Pravarthaka Co-operative Society ,
Year of publication 1961.
300 ## - PHYSICAL DESCRIPTION
Number of Pages 213 ; .
942 ## - ADDED ENTRY ELEMENTS (KOHA)
Koha item type Books
Holdings
Withdrawn status Lost status Damaged status Home library Current library Date acquired Full call number Accession Number Koha item type
Withdrawn     KAUAET KAUAET 07/04/2012 923.2 12829 Books
free website counter